<?xml version="1.0" encoding="UTF-8"?>
<collection xmlns="http://www.loc.gov/MARC21/slim">
 <record>
  <leader>00525pamaa2200169   4500</leader>
  <controlfield tag="001">0000017215</controlfield>
  <controlfield tag="005">20051128090000.0</controlfield>
  <datafield tag="020" ind1="0" ind2="0">
   <subfield code="a">0865541655 </subfield>
  </datafield>
  <datafield tag="082" ind1=" " ind2=" ">
   <subfield code="a">306.601 TAY</subfield>
  </datafield>
  <datafield tag="090" ind1="0" ind2="0">
   <subfield code="a">BL256 </subfield>
   <subfield code="b">TAY</subfield>
  </datafield>
  <datafield tag="100" ind1="1" ind2="0">
   <subfield code="a">TAYLOR </subfield>
  </datafield>
  <datafield tag="245" ind1="1" ind2="0">
   <subfield code="a">Beyond explanation : </subfield>
   <subfield code="b">religious dimensions in cultural anthropology  </subfield>
   <subfield code="c">Mark Kline Taylor.</subfield>
  </datafield>
  <datafield tag="260" ind1="0" ind2="0">
   <subfield code="a">Macon GA: </subfield>
   <subfield code="b">Mercer University Press, </subfield>
   <subfield code="c">1986.</subfield>
  </datafield>
  <datafield tag="300" ind1=" " ind2=" ">
   <subfield code="a">vii, 262p.: </subfield>
   <subfield code="b">24cm.</subfield>
  </datafield>
  <datafield tag="600" ind1="0" ind2="0">
   <subfield code="a">Levi-Strauss, Claude</subfield>
  </datafield>
  <datafield tag="600" ind1="0" ind2="0">
   <subfield code="a">Harris, Marvin</subfield>
  </datafield>
  <datafield tag="650" ind1="0" ind2="0">
   <subfield code="a">Ethnology -- </subfield>
   <subfield code="x">Religious aspects -- </subfield>
   <subfield code="x">Cristianity </subfield>
  </datafield>
 </record>
</collection>
